000 01152nam0a2200337 4500
001 RU\NLR\bibl\61935
005 20260405170923.0
010 _a5-7856-0122-2
_9500
021 _aRU
_b99-30575
_91490
021 _aRU
_b2001-16197
_9751
035 _a(NLR Aleph) 000060431
090 _a328889
_c328889
100 _a19991203d1999 |||y0rusy50 ca
101 0 _arus
102 _aRU
105 _ac |||||||||
200 1 _aСознание и познание III тысячелетия
_fВ.Л. Райков
210 _aМ.
_cБ.и.
_d1999
215 _a161,[1] с., [1] л. портр.
_d20
320 _aБиблиогр.: с. 161 (14 назв.)
606 0 _aПознание
_9962731
_3RU\NLR\auth\6640867
606 0 _aСознание
_9929281
_3RU\NLR\auth\6623327
686 _aЮ251.1
686 _aЮ932.2
700 1 _4070
_7ca
_8rus
_aРайков
_bВ. Л.
_cврач-психотерапевт
_f1934-
_gВладимир Леонидович
_955565
_3RU\NLR\auth\7772637
801 0 _aRU
_bNLR
_c19991203
_gPSBO
801 1 _aRU
_bNLR
_c19991203
852 _aNLR
_j99-3/15385
942 _cBOOK
980 _aNB